| 000 | 00627nam a22001937a 4500 | ||
|---|---|---|---|
| 999 |
_c4640 _d4640 |
||
| 003 | AR-CdUCM | ||
| 008 | 190311b ||||| |||| 00| 0 spa d | ||
| 040 |
_aMUNICIPALIDAD PROVINCIAL DEL CUSCO _cBIBLIOTECA MUNICIPAL DEL CUSCO |
||
| 082 |
_a869.33 / _bA5 |
||
| 245 | _aAntología de la poesía chilena / | ||
| 260 |
_aMadrid : _bEdiciones I-D.A.G. & AFHA., _c1964. |
||
| 300 |
_a209 páginas ; _c20.5 cm. |
||
| 500 | _aDonación de la familia Nieto. | ||
| 650 |
_aPoesía - Chile _914456 |
||
| 650 |
_aPoetas chilenos _914365 |
||
| 700 |
_aSoler Blanch, Carmen (Selección) _914457 |
||
| 942 |
_2ddc _cLIBROS |
||
| 945 | _alccs | ||